| Tag |
First Indicator |
Second Indicator |
Subfields |
| LEADER |
00000cam a2200000 i 4500 |
| 001 |
in00000041305 |
| 005 |
20151007072536.0 |
| 008 |
770804s1930 nyua 00010 eng b |
| 010 |
|
|
|a 30024961
|
| 035 |
|
|
|a (OCoLC)03159891
|
| 035 |
|
|
|9 AAE8067AM
|
| 040 |
|
|
|a DLC
|c LNE
|d TXA
|d UtOrBLW
|
| 049 |
|
|
|a TXAM
|c [253133]
|
| 050 |
0 |
0 |
|a QD251
|b .T3
|
| 082 |
0 |
|
|a 547
|
| 092 |
|
|
|a 547
|b T246r
|
| 100 |
1 |
|
|a Taylor, T. Clinton
|q (Theodore Clinton),
|d 1891-
|
| 245 |
1 |
0 |
|a Reactions and symbols of carbon compounds ;
|b a textbook of organic chemistry /
|c by T. Clinton Taylor.
|
| 264 |
|
1 |
|a New York,
|a London :
|b The Century Co.,
|c [1930]
|
| 264 |
|
4 |
|c [©1930]
|
| 300 |
|
|
|a x, 704 pages :
|b illustrations, diagrams ;
|c 23 cm.
|
| 336 |
|
|
|a text
|b txt
|2 rdacontent
|
| 337 |
|
|
|a unmediated
|b n
|2 rdamedia
|
| 338 |
|
|
|a volume
|b nc
|2 rdacarrier
|
| 650 |
|
0 |
|a Chemistry, Organic.
|
| 650 |
|
0 |
|a Carbon compounds.
|
| 999 |
|
|
|a MARS
|
| 999 |
f |
f |
|s 3bbbbb5c-08c9-3a8e-98ab-c0e375295e91
|i 9bc3e5f5-798b-32cd-a773-fe8e107e9b6b
|t 0
|
| 952 |
f |
f |
|p ric
|a Texas A&M University
|b Rellis Campus
|c Joint Library Facility
|d Remote Storage
|t 0
|e QD251 .T3
|h Library of Congress classification
|i unmediated -- volume
|m A14800943556
|
| 998 |
f |
f |
|a QD251 .T3
|t 0
|l Remote Storage
|